| 000 | 00367nam a22001217a 4500 | ||
|---|---|---|---|
| 082 | _a200 THE | ||
| 100 |
_aMuhammad Salman _915906 |
||
| 245 | _aTH-SOF-1472-URL-Based-Phishing-Detection-Using-A-Hybrid-Approach | ||
| 260 |
_aIslamabad _bNUST College of EME _c2017 |
||
| 650 |
_a MS-CSE-13 MSTHESIS _969839 |
||
| 700 |
_aSupervisor Dr. Usman Qamar _969693 |
||
| 942 | _cCF | ||
| 999 |
_c577413 _d577413 |
||